000 01344cad a22002535a 4500
001 L159464
008 170727s2017 xxk f 000 0 eng d
020 _a9781783211746
035 _a(Sirsi) u159464
041 0 _aeng
050 0 4 _a333.335 $2 18
110 2 _aRoyal Institution of Chartered Surveyors
_94900
245 0 0 _aTerms of engagement
_brural estate management services
_h[electronic resource]
260 _aLondon
_bRICS
_c2017
490 0 _aRICS Conditions of Engagement
490 0 _aRICS Guidance Note
520 _aExplains matters which should be considered by the agent and the client in order to complete the model agreement for the provision of rural estate management services. It includes the clauses, and the model agreement. Also the schedules for basic services, fees for basic services, additional services, fees for additional services, authorised expenses and disbursements, documents belonging to the client, and client regulations.
650 2 4 _aMODEL AGREEMENT
650 2 4 _aRURAL ESTATE MANAGEMENT
651 4 _aUnited Kingdom
690 _aRural
_96268
856 4 0 _uhttps://www.rics.org/profession-standards/rics-standards-and-guidance/sector-standards/land-standards/terms-of-engagement-rural-estate-management-services
_zView the guidance note free of charge at www.rics.org...
942 _n0
_2ddc
999 _c115924
_d115924